Estudios Jurd̕icos en Homenaje al Maestro Antonio Torres Gm̤ez

Detalles Bibliográficos
Formato: eBook
Lenguaje:español
Publicado: Guanajuato: Universidad de Guanajuato, 2006
Materias:
Acceso en línea:Acceso restringido

MARC

LEADER 00000nam a22000007a 4500
005 20131030140057.0
007 cr|||| ||||
008 131030s2004 mx |||||s|||| 01| 0 spa d
035 |a 11595 
040 |a vLex 
090 |c 4564  |d 4564 
245 0 0 |a Estudios Jurd̕icos en Homenaje al Maestro Antonio Torres Gm̤ez  |h [Recurso electrn̤ico] 
256 |a Servicio en ln̕ea 
260 |a Guanajuato:  |b Universidad de Guanajuato,  |c 2006 
300 |a 1 recurso electrn̤ico 
506 1 |a Contenido solo disponible en los productos indicados  |d vLex Global  |d vLex Global (Academic Edition, excluding Law Schools)  |d vLex Global (U.S. Academic Edition, Law Schools)  |d vLex Global (U.S. Academic Edition, excluding Law Schools)  |d vLex Global (Academic Edition, Law Schools) 
650 0 4 |a Estudios jurd̕icos  |z Mx̌ico 
740 0 |a vLex Libros (Servicio en ln̕ea) 
856 4 0 |u http://vlex.com/source/estudios-juridicos-homenaje-maestro-antonio-torres-gomez-11595  |z Acceso restringido 
942 |c BOOK